| 000 | 00344nam a22001337a 4500 | ||
|---|---|---|---|
| 020 | _a8187430-47-8 | ||
| 082 |
_a030 _bDHA/M |
||
| 100 | _aDAKSHINAMURTHY, M | ||
| 245 |
_aMY FIRST DICTIONARY _bENGLISH - HINDI - MALAYALAM NIGHANDU |
||
| 260 |
_aTIRUVALLA _bMEREDIAN PUBLISHERS _c2012 |
||
| 300 | _a432 | ||
| 650 |
_aDICTIONARY _zKERALA |
||
| 942 | _cBK | ||
| 999 |
_c2167 _d2167 |
||